LEADER 01838nam0 22004093i 450 001 VAN00286807 005 20250923123003.874 017 70$2N$a9783319478616 100 $a20250212d2017 |0itac50 ba 101 $aeng 102 $aCH 105 $a|||| ||||| 181 $ai$b e 182 $ab 183 $acr 200 1 $aMultiple Sclerosis: Bench to Bedside$eGlobal Perspectives on a Silent Killer$fAlexzander A. A. Asea, Fabiana Geraci, Punit Kaur editors 210 $aCham$cSpringer$d2017 215 $aVIII, 188 p.$cill.$d24 cm 410 1$1001VAN00064096$12001 $aAdvances in Experimental Medicine and Biology$1210 $aNew York$cPlenum$d2003-$v958 620 $aCH$dCham$3VANL001889 676 $a616.079$cImmunologia$v22 676 $a616.8$cNeurologia$v22 702 1$aAsea$bAlexzander A. A.$3VANV239674 702 1$aGeraci$bFabiana$3VANV241107 702 1$aKaur$bPunit$3VANV239678 712 $aSpringer $3VANV108073$4650 790 1$aAsea, A. A. A.$zAsea, Alexzander A. A.$3VANV239675 790 1$aAsea, A.A.A.$zAsea, Alexzander A. A.$3VANV239676 790 1$aAsea, Alexzander A.A.$zAsea, Alexzander A. A.$3VANV239677 801 $aIT$bSOL$c20250926$gRICA 856 4 $uhttps://link.springer.com/openurl?genre=book&isbn=978-3-319-47861-6$zE-book - Accesso al full-text attraverso riconoscimento IP di Ateneo, proxy e/o Shibboleth 899 $aBIBLIOTECA DEL DIPARTIMENTO DI SCIENZE E TECNOLOGIE AMBIENTALI BIOLOGICHE E FARMACEUTICHE$1IT-CE0101$2VAN17 912 $fN 912 $aVAN00286807 950 $aBIBLIOTECA DEL DIPARTIMENTO DI SCIENZE E TECNOLOGIE AMBIENTALI BIOLOGICHE E FARMACEUTICHE$d17CONS e-book 178 $e17BIB178/387 387 20250212 996 $aMultiple Sclerosis: Bench to Bedside$91954743 997 $aUNICAMPANIA